000 00493nam a2200181Ia 4500
005 20250326124156.0
008 250326s9999 xx 000 0 und d
037 _aTextbook
040 _aFMSL
_beng
_cFMSL
041 _aeng
_2eng
084 _aX:51 L3;1
_qFMSL
100 _aKroll S
_9736911
245 0 _aCommodity futures market guide
_cKroll S; Shishko I
260 _aNY
_bNY, Harper & Row
_c1973
300 _a370p
942 _cTB
_hX:51 L3;1
999 _c1272597
_d1272597